[Event "Mid Bohemia Region-chT 2223"]
[Site "Czech Republic"]
[Date "2023.04.02"]
[Round "11.1"]
[White "Jacko, Vladimir1111"]
[Black "Seleljo, Daniel"]
[Result "1-0"]
[WhiteElo "2387"]
[BlackElo "2212"]
[PlyCount "117"]
[EventDate "2022.10.09"]
[EventType "team-tourn"]
[EventRounds "11"]
[EventCountry "CZE"]
[SourceTitle "EXT 2024"]
[Source "ChessBase"]
[SourceDate "2023.10.10"]
[SourceVersion "1"]
[SourceVersionDate "2023.10.10"]
[SourceQuality "1"]
[WhiteTeam "Kralupy nad Vltavou"]
[BlackTeam "Kostelec nad CL"]
[WhiteTeamCountry "CZE"]
[BlackTeamCountry "CZE"]

1. Nf3 d5 2. g3 Nf6 3. Bg2 c6 4. 0-0 Bf5 5. d3 h6 6. Nfd2 Qc8 7. Re1 Bh3 8. Bh1 h5 9. e4 h4 10. e5 hxg3 11. hxg3 Nfd7 12. d4 Nb6 13. Nf3 Bg4 14. Qd3 Qf5 15. Qxf5 Bxf5 16. c3 e6 17. Nbd2 Be7 18. Bg2 N8d7 19. Nf1 a5 20. Ne3 Be4 21. Nh2 Bxg2 22. Kxg2 a4 23. Bd2 c5 24. f4 Nb8 25. Nf3 Nc6 26. Rac1 cxd4 27. cxd4 Kd7 28. a3 Na5 29. Bxa5 Rxa5 30. Re2 Rb5 31. Ne1 Rb3 32. Kf2 Rc8 33. Rxc8 Kxc8 34. Rc2+ Kd7 35. Ke2 Nc4 36. Nd3 b5 37. Nd1 Ke8 38. Nc3 f6 39. Na2 fxe5 40. dxe5 b4 41. axb4 a3 42. bxa3 Rxa3 43. Nac1 g5 44. Ra2 gxf4 45. gxf4 Rxa2+ 46. Nxa2 Kd7 47. Nc3 Bd8 48. Na4 Na3 49. Nac5+ Ke7 50. Kf3 Bc7 51. Nc1 Bb6 52. Na4 Ba7 53. Nb3 Bg1 54. Nd2 Bh2 55. Nb2 Kf7 56. Nd1 Nb5 57. Ne3 Ke7 58. Nef1 Na3 59. Nxh2 1-0

[Event "Mid Bohemia Region-chT 2223"]
[Site "Czech Republic"]
[Date "2023.03.19"]
[Round "10.1"]
[White "Seleljo, Daniel"]
[Black "Meduna, Eduard"]
[Result "1/2-1/2"]
[WhiteElo "2212"]
[BlackElo "2300"]
[PlyCount "61"]
[EventDate "2022.10.09"]
[EventType "team-tourn"]
[EventRounds "11"]
[EventCountry "CZE"]
[SourceTitle "EXT 2024"]
[Source "ChessBase"]
[SourceDate "2023.10.10"]
[SourceVersion "1"]
[SourceVersionDate "2023.10.10"]
[SourceQuality "1"]
[WhiteTeam "Kostelec nad CL"]
[BlackTeam "Lysa nad Labem Joly IV"]
[WhiteTeamCountry "CZE"]
[BlackTeamCountry "CZE"]

1. d4 Nf6 2. c4 d6 3. Nf3 Nbd7 4. Nc3 e5 5. g3 g6 6. Bg2 Bg7 7. 0-0 0-0 8. dxe5 dxe5 9. Qc2 c6 10. Ng5 h6 11. Nge4 Ne8 12. b3 f5 13. Ba3 fxe4 14. Bxf8 Nxf8 15. Nxe4 Bf5 16. Rad1 Qe7 17. c5 Kh7 18. e3 Nf6 19. b4 a5 20. a3 axb4 21. axb4 Nd5 22. h4 Nf6 23. Qc4 Ne6 24. Rb1 Nd5 25. h5 gxh5 26. Ra1 Rxa1 27. Rxa1 h4 28. Nd6 Bg6 29. gxh4 e4 30. Ra7 Qxh4 31. Rxb7 1/2-1/2

[Event "Mid Bohemia Region-chT 2223"]
[Site "Czech Republic"]
[Date "2023.01.29"]
[Round "7.1"]
[White "Feierfeil, Jiri"]
[Black "Seleljo, Daniel"]
[Result "0-1"]
[WhiteElo "1697"]
[BlackElo "2212"]
[PlyCount "72"]
[EventDate "2022.10.09"]
[EventType "team-tourn"]
[EventRounds "11"]
[EventCountry "CZE"]
[SourceTitle "EXT 2024"]
[Source "ChessBase"]
[SourceDate "2023.10.10"]
[SourceVersion "1"]
[SourceVersionDate "2023.10.10"]
[SourceQuality "1"]
[WhiteTeam "Brodce"]
[BlackTeam "Kostelec nad CL"]
[WhiteTeamCountry "CZE"]
[BlackTeamCountry "CZE"]

1. d4 g6 2. c4 Bg7 3. Nc3 d6 4. e4 Nf6 5. Bd3 c5 6. d5 0-0 7. Nge2 e6 8. Bg5 h6 9. Bd2 Re8 10. Qc2 a6 11. f3 exd5 12. Nxd5 Nxd5 13. exd5 Nd7 14. f4 b5 15. 0-0 bxc4 16. Be4 Nf6 17. Bf3 Rb8 18. Bc3 Bf5 19. Qa4 Bd3 20. Rfe1 Ne4 21. Bxg7 Kxg7 22. Bxe4 Rxe4 23. Ng3 Rxe1+ 24. Rxe1 Rxb2 25. Qxa6 Qf6 26. Qa3 Qd4+ 27. Kh1 Rf2 28. f5 Bxf5 29. Nxf5+ Rxf5 30. Qg3 Qf2 31. Qc3+ Re5 32. Ra1 Qd4 33. Qc1 c3 34. a4 Rxd5 35. h3 c2 36. a5 Kh7 0-1

[Event "CZE-chT2A 1920"]
[Site "Czech Republic"]
[Date "2020.02.23"]
[Round "9.3"]
[White "Seleljo, Daniel"]
[Black "Borkovec, Milan"]
[Result "1-0"]
[WhiteElo "2237"]
[BlackElo "2209"]
[PlyCount "109"]
[EventDate "2019.10.13"]
[EventType "team-tourn"]
[EventRounds "11"]
[EventCountry "CZE"]
[SourceTitle "EXT 2024"]
[Source "ChessBase"]
[SourceDate "2023.10.10"]
[SourceVersion "1"]
[SourceVersionDate "2023.10.10"]
[SourceQuality "1"]
[WhiteTeam "Praha Mahrla"]
[BlackTeam "Tabor"]
[WhiteTeamCountry "CZE"]
[BlackTeamCountry "CZE"]

1. Nf3 Nf6 2. g3 g6 3. Bg2 Bg7 4. 0-0 0-0 5. d4 d6 6. Nc3 Nbd7 7. d5 e5 8. a4 a5 9. e4 Nc5 10. Qe2 Ng4 11. h3 Nh6 12. Be3 f5 13. Bxc5 dxc5 14. Qc4 Nf7 15. Qxc5 Nd6 16. Rad1 b6 17. Qe3 f4 18. Qe2 h5 19. Nb5 g5 20. Nh2 g4 21. hxg4 hxg4 22. gxf4 Rxf4 23. Rd3 Bd7 24. Rg3 Nxb5 25. axb5 Qh4 26. Qc4 Kh7 27. Qxc7 Rf7 28. Nxg4 Rc8 29. Qxc8 Bxc8 30. Rh3 Qxh3 31. Bxh3 Rc7 32. c3 Bd7 33. d6 Ra7 34. c4 Kg6 35. Kg2 Kg5 36. Kg3 Bf8 37. Nxe5 Bxh3 38. f4+ Kf6 39. Kxh3 Bxd6 40. Nc6 Rh7+ 41. Kg4 Rg7+ 42. Kf3 Bc5 43. Rh1 Rd7 44. e5+ Kg6 45. Rh2 Rd1 46. Rg2+ Kf5 47. Rg5+ Ke6 48. Rg6+ Kf7 49. Rf6+ Kg7 50. Ke4 Rd2 51. b3 Re2+ 52. Kf5 Re3 53. e6 Rxb3 54. e7 Re3 55. Re6 1-0

[Event "CZE-chT2A 1920"]
[Site "Czech Republic"]
[Date "2019.12.15"]
[Round "5.1"]
[White "Lacina, Adolf"]
[Black "Seleljo, Daniel"]
[Result "1-0"]
[WhiteElo "2224"]
[BlackElo "2237"]
[PlyCount "45"]
[EventDate "2019.10.13"]
[EventType "team-tourn"]
[EventRounds "11"]
[EventCountry "CZE"]
[SourceTitle "EXT 2024"]
[Source "ChessBase"]
[SourceDate "2023.10.10"]
[SourceVersion "1"]
[SourceVersionDate "2023.10.10"]
[SourceQuality "1"]
[WhiteTeam "Strakonice"]
[BlackTeam "Praha Mahrla"]
[WhiteTeamCountry "CZE"]
[BlackTeamCountry "CZE"]

1. e4 b6 2. d4 Bb7 3. Nd2 e6 4. Ngf3 c5 5. Bd3 Nc6 6. dxc5 bxc5 7. 0-0 d6 8. Re1 Nge7 9. Nc4 Ng6 10. Ng5 Nb4 11. f4 Nxd3 12. cxd3 Be7 13. f5 Ne5 14. fxe6 Bxg5 15. Bxg5 f6 16. Bxf6 Qxf6 17. Nxd6+ Ke7 18. Nxb7 Rab8 19. Rf1 Qg5 20. Qb3 Qe3+ 21. Kh1 Rhf8 22. Qd5 Qxd3 23. Qxc5+ 1-0

[Event "CZE-chT2A 1920"]
[Site "Czech Republic"]
[Date "2019.10.13"]
[Round "1.3"]
[White "Plesek, Jiri"]
[Black "Seleljo, Daniel"]
[Result "0-1"]
[WhiteElo "2074"]
[BlackElo "2237"]
[PlyCount "72"]
[EventDate "2019.10.13"]
[EventType "team-tourn"]
[EventRounds "11"]
[EventCountry "CZE"]
[SourceTitle "EXT 2024"]
[Source "ChessBase"]
[SourceDate "2023.10.10"]
[SourceVersion "1"]
[SourceVersionDate "2023.10.10"]
[SourceQuality "1"]
[WhiteTeam "Pankrac II"]
[BlackTeam "Praha Mahrla"]
[WhiteTeamCountry "CZE"]
[BlackTeamCountry "CZE"]

1. Nf3 Nf6 2. c4 d6 3. Nc3 Bg4 4. d4 Nbd7 5. e4 e5 6. Be3 Be7 7. Be2 c6 8. d5 0-0 9. Nd2 Bxe2 10. Qxe2 Ne8 11. f3 a6 12. 0-0 Bg5 13. Bf2 Nc7 14. dxc6 bxc6 15. Rfd1 Ne6 16. Nb3 Qc7 17. Qd3 Be7 18. Rac1 Rfd8 19. Ne2 a5 20. Nd2 a4 21. b4 axb3 22. axb3 Qb7 23. Ra1 Ndc5 24. Qc3 Bg5 25. Rxa8 Rxa8 26. b4 Na6 27. Rb1 h6 28. h4 Be7 29. c5 Qb5 30. Qc4 Rb8 31. Nc3 Qxc4 32. Nxc4 dxc5 33. Nxe5 Nxb4 34. Na4 f6 35. Nd7 Rb5 36. Nc3 Rb7 0-1

[Event "CZE-chT2C 1819"]
[Site "Czech Republic"]
[Date "2019.01.27"]
[Round "7.2"]
[White "Seleljo, Daniel"]
[Black "Kucera, Petr3333"]
[Result "1/2-1/2"]
[WhiteElo "2209"]
[BlackElo "2169"]
[PlyCount "38"]
[EventDate "2018.10.14"]
[EventType "team-tourn"]
[EventRounds "11"]
[EventCountry "CZE"]
[SourceTitle "EXT 2022"]
[Source "ChessBase"]
[SourceDate "2021.10.06"]
[SourceVersion "1"]
[SourceVersionDate "2021.10.06"]
[SourceQuality "1"]
[WhiteTeam "Praha Mahrla"]
[BlackTeam "Liberec Desko"]
[WhiteTeamCountry "CZE"]
[BlackTeamCountry "CZE"]

1. d4 Nf6 2. Nf3 e6 3. c4 Bb4+ 4. Nc3 b6 5. Qb3 c5 6. a3 Ba5 7. Bg5 h6 8. Bh4 g5 9. Bg3 Ne4 10. e3 Nc6 11. d5 Bxc3+ 12. bxc3 Na5 13. Qc2 Nxg3 14. hxg3 Qf6 15. Be2 Ba6 16. Nd2 Qe5 17. Nf3 Qg7 18. Nd2 f5 19. g4 0-0-0 1/2-1/2

[Event "CZE-chT2C 1819"]
[Site "Czech Republic"]
[Date "2018.11.04"]
[Round "2.2"]
[White "Horak, Otakar"]
[Black "Seleljo, Daniel"]
[Result "1-0"]
[WhiteElo "2107"]
[BlackElo "2209"]
[PlyCount "99"]
[EventDate "2018.10.14"]
[EventType "team-tourn"]
[EventRounds "11"]
[EventCountry "CZE"]
[SourceTitle "EXT 2022"]
[Source "ChessBase"]
[SourceDate "2021.10.06"]
[SourceVersion "1"]
[SourceVersionDate "2021.10.06"]
[SourceQuality "1"]
[WhiteTeam "Mlada Boleslav"]
[BlackTeam "Praha Mahrla"]
[WhiteTeamCountry "CZE"]
[BlackTeamCountry "CZE"]

1. d4 Nf6 2. c4 c5 3. e3 g6 4. Nc3 Bg7 5. Nf3 0-0 6. Be2 b6 7. 0-0 Bb7 8. d5 d6 9. e4 a6 10. Bg5 Nbd7 11. Nd2 e6 12. a4 Re8 13. f4 exd5 14. cxd5 Qc7 15. Re1 h5 16. h3 Nh7 17. Bh4 Bh6 18. Bg3 h4 19. Bh2 Ndf6 20. Kh1 Rab8 21. Bf3 Ba8 22. e5 Nd7 23. Nc4 dxe5 24. fxe5 Qd8 25. e6 fxe6 26. Bxb8 Qxb8 27. dxe6 Ndf6 28. Bxa8 Qxa8 29. Qd3 Re7 30. Nxb6 Qe8 31. Qc4 Kg7 32. Nbd5 Rxe6 33. Rxe6 Qxe6 34. Qxc5 Nh5 35. Qe7+ Qxe7 36. Nxe7 Ng3+ 37. Kh2 Bf4 38. Ned5 Bd6 39. Rd1 Ng5 40. Ne3 Nf5+ 41. Kh1 Ng3+ 42. Kg1 Bc5 43. Kf2 Nf5 44. Rd7+ Kf8 45. Ncd5 Ke8 46. Nf6+ Kf8 47. Nfg4 Kg8 48. Rd5 Ng3 49. Ke1 N3e4 50. Nf6+ 1-0

[Event "CZE-chT2C 1819"]
[Site "Czech Republic"]
[Date "2018.10.14"]
[Round "1.2"]
[White "Pokorny, Zdenek"]
[Black "Seleljo, Daniel"]
[Result "1/2-1/2"]
[WhiteElo "2255"]
[BlackElo "2209"]
[PlyCount "139"]
[EventDate "2018.10.14"]
[EventType "team-tourn"]
[EventRounds "11"]
[EventCountry "CZE"]
[SourceTitle "EXT 2022"]
[Source "ChessBase"]
[SourceDate "2021.10.06"]
[SourceVersion "1"]
[SourceVersionDate "2021.10.06"]
[SourceQuality "1"]
[WhiteTeam "Hradec Kralove II"]
[BlackTeam "Praha Mahrla"]
[WhiteTeamCountry "CZE"]
[BlackTeamCountry "CZE"]

1. e4 c6 2. Nc3 d5 3. Nf3 Bg4 4. h3 Bxf3 5. gxf3 e6 6. d4 Nf6 7. Be3 Nbd7 8. Qd2 a6 9. Bg2 Be7 10. a3 b5 11. Ne2 a5 12. 0-0 Nb6 13. b3 a4 14. Qc3 Qc7 15. Bf4 Qb7 16. b4 Nc4 17. Nc1 Nh5 18. Bh2 Rd8 19. Nd3 0-0 20. e5 f6 21. f4 fxe5 22. fxe5 Qd7 23. Qe1 Qe8 24. Qe2 Qg6 25. Kh1 Qh6 26. Bf3 Rxf3 27. Qxf3 Nd2 28. Qg4 Nxf1 29. Rxf1 Qg6 30. Rg1 Qf7 31. Bf4 Re8 32. Kh2 Kh8 33. Bg5 Bf8 34. Re1 h6 35. Bd2 Be7 36. Rg1 Kh7 37. Kg2 Rf8 38. Kf1 Qf5 39. Ke1 Qf7 40. Kd1 Qf5 41. Be3 Qf3+ 42. Kd2 Qf7 43. Kc3 Qf5 44. Kd2 Qf7 45. Kc3 g5 46. f4 Rg8 47. fxg5 Bxg5 48. Bxg5 Rxg5 49. Qd1 Rxg1 50. Qxg1 Ng7 51. Qg4 Qf1 52. Kb2 h5 53. Qh4 Qg1 54. Nf2 Kg8 55. Qf6 Qg3 56. Kb1 Qe3 57. Nd3 Qxh3 58. Qd8+ Kh7 59. Qc7 Qg3 60. Nc5 Qg1+ 61. Ka2 Qg6 62. Kb2 Qg4 63. Nd7 Qxd4+ 64. Kb1 h4 65. Nf8+ Kg8 66. Qxg7+ Kxg7 67. Nxe6+ Kf7 68. Nxd4 h3 69. Nf3 Ke6 70. Ng5+ 1/2-1/2

[Event "CZE-chT2A 1718"]
[Site "Czech Republic"]
[Date "2017.11.05"]
[Round "2.3"]
[White "Seleljo, Daniel"]
[Black "Jascenko, Olga"]
[Result "1-0"]
[WhiteElo "2247"]
[BlackElo "2127"]
[PlyCount "63"]
[EventDate "2017.10.15"]
[EventType "team-tourn"]
[EventRounds "11"]
[EventCountry "CZE"]
[SourceTitle "EXT 2022"]
[Source "ChessBase"]
[SourceDate "2021.10.06"]
[SourceVersion "1"]
[SourceVersionDate "2021.10.06"]
[SourceQuality "1"]
[WhiteTeam "Praha Vrsovice"]
[BlackTeam "Praha Smichov"]
[WhiteTeamCountry "CZE"]
[BlackTeamCountry "CZE"]

1. d4 Nf6 2. c4 e6 3. Nf3 Bb4+ 4. Nbd2 0-0 5. a3 Be7 6. Qc2 c5 7. e4 cxd4 8. e5 Ne8 9. Bd3 g6 10. h4 Ng7 11. h5 Nxh5 12. Ne4 d5 13. exd6 Bxd6 14. Nxd6 Qxd6 15. Bh6 Re8 16. c5 Qd5 17. Be4 d3 18. Bxd3 Nd7 19. Bb5 Qf5 20. Qc3 Nhf6 21. 0-0-0 e5 22. Ng5 Re7 23. f3 a6 24. Bc4 Ne8 25. Rhe1 Nxc5 26. g4 Qf6 27. Bxf7+ Rxf7 28. Nxf7 Qxf7 29. Qxc5 Be6 30. Qxe5 Bb3 31. Rd4 Qxf3 32. Qxe8+ 1-0

[Event "CZE-chT2A 1718"]
[Site "Czech Republic"]
[Date "2017.10.15"]
[Round "1.4"]
[White "Seleljo, Daniel"]
[Black "Hrbolka, Ladislav"]
[Result "1/2-1/2"]
[WhiteElo "2247"]
[BlackElo "2087"]
[PlyCount "77"]
[EventDate "2017.10.15"]
[EventType "team-tourn"]
[EventRounds "11"]
[EventCountry "CZE"]
[SourceTitle "EXT 2022"]
[Source "ChessBase"]
[SourceDate "2021.10.06"]
[SourceVersion "1"]
[SourceVersionDate "2021.10.06"]
[SourceQuality "1"]
[WhiteTeam "Praha Vrsovice"]
[BlackTeam "Most Chess"]
[WhiteTeamCountry "CZE"]
[BlackTeamCountry "CZE"]

1. d4 Nf6 2. Nf3 d5 3. c4 c6 4. e3 g6 5. Nc3 Bg7 6. Be2 0-0 7. 0-0 dxc4 8. Bxc4 Nbd7 9. Bb3 Nb6 10. e4 Bg4 11. Be3 Ne8 12. d5 cxd5 13. exd5 Nd6 14. h3 Bxf3 15. Qxf3 Nbc4 16. Bc1 Rc8 17. Re1 b5 18. Rb1 Qd7 19. a4 a6 20. axb5 axb5 21. Na2 Ne5 22. Qd1 Qf5 23. Be3 Ndc4 24. Bc2 Qf6 25. Bc1 Qd6 26. Bg5 h6 27. Bf4 Rfd8 28. Be4 f5 29. Bxe5 Nxe5 30. Bc2 Bf6 31. Bb3 Nc4 32. Qe2 Na5 33. Bd1 Qxd5 34. Nc3 Qc4 35. Qe3 b4 36. Qxh6 Qf7 37. Na4 Bg7 38. Qh4 Rd4 39. Qg3 1/2-1/2

[Event "CZE-chT2C 1617"]
[Site "Czech Republic"]
[Date "2017.02.12"]
[Round "8.4"]
[White "Bednar, Marcel"]
[Black "Seleljo, Daniel"]
[Result "1/2-1/2"]
[WhiteElo "2245"]
[BlackElo "2177"]
[PlyCount "30"]
[EventDate "2016.10.09"]
[EventType "team-tourn"]
[EventRounds "11"]
[EventCountry "CZE"]
[SourceTitle "EXT 2022"]
[Source "ChessBase"]
[SourceDate "2021.10.06"]
[SourceVersion "1"]
[SourceVersionDate "2021.10.06"]
[SourceQuality "1"]
[WhiteTeam "Lysa nad Labem III"]
[BlackTeam "Praha Vrsovice"]
[WhiteTeamCountry "CZE"]
[BlackTeamCountry "CZE"]

1. d4 Nf6 2. c4 e6 3. Nc3 d5 4. Bg5 Be7 5. Nf3 a6 6. c5 0-0 7. e3 Ne4 8. Nxe4 dxe4 9. Bxe7 Qxe7 10. Nd2 e5 11. Nxe4 exd4 12. Qxd4 Rd8 13. Qc4 Nc6 14. Be2 Qe5 15. Nc3 Be6 1/2-1/2

[Event "CZE-chT2C 1617"]
[Site "Czech Republic"]
[Date "2016.12.11"]
[Round "5.6"]
[White "Seleljo, Daniel"]
[Black "Michalek, Frantisek"]
[Result "1-0"]
[WhiteElo "2177"]
[BlackElo "2063"]
[PlyCount "115"]
[EventDate "2016.10.09"]
[EventType "team-tourn"]
[EventRounds "11"]
[EventCountry "CZE"]
[SourceTitle "EXT 2022"]
[Source "ChessBase"]
[SourceDate "2021.10.06"]
[SourceVersion "1"]
[SourceVersionDate "2021.10.06"]
[SourceQuality "1"]
[WhiteTeam "Praha Vrsovice"]
[BlackTeam "Kolin"]
[WhiteTeamCountry "CZE"]
[BlackTeamCountry "CZE"]

1. Nf3 d5 2. c4 e6 3. g3 c6 4. Qc2 Bd6 5. Bg2 Nf6 6. 0-0 0-0 7. d4 Nbd7 8. Nc3 b6 9. e4 Be7 10. e5 Ne8 11. h4 g6 12. Bh6 Ng7 13. cxd5 cxd5 14. Rfe1 Bb7 15. Qd2 Re8 16. Bg5 a6 17. Bh3 Nf5 18. Kg2 f6 19. exf6 Bxf6 20. Bxf5 gxf5 21. Bxf6 Qxf6 22. Ne5 Nxe5 23. Rxe5 Re7 24. Na4 Bc6 25. Nc3 Rg7 26. Ne2 Bd7 27. Rh1 Rc8 28. Nf4 Qf7 29. Rhe1 Rc6 30. b3 Rg4 31. Rc1 Rc8 32. Rxc8+ Bxc8 33. Qe1 Qg7 34. Kh2 Qf7 35. f3 Rg7 36. Nxd5 Bd7 37. Nf4 h6 38. Qb4 b5 39. Qd6 Qe7 40. Qxe7 Rxe7 41. Kg2 Kf7 42. Rc5 Be8 43. Kf2 Rb7 44. a3 Ke7 45. g4 fxg4 46. fxg4 Kd6 47. b4 Rg7 48. Kg3 Re7 49. Re5 Bf7 50. Nd3 Re8 51. Nc5 Ra8 52. Kf4 Rf8 53. Ke3 Ra8 54. Ne4+ Kd7 55. h5 Bg8 56. g5 Bf7 57. g6 Bg8 58. Nf2 1-0

[Event "CZE-chT2A 1415"]
[Site "Czech Republic"]
[Date "2015.02.08"]
[Round "7.3"]
[White "Seleljo, Daniel"]
[Black "Havlik, Jindrich"]
[Result "1/2-1/2"]
[WhiteElo "2183"]
[BlackElo "2128"]
[PlyCount "115"]
[EventDate "2014.11.02"]
[EventType "team-tourn"]
[EventRounds "11"]
[EventCountry "CZE"]
[SourceTitle "EXT 2022"]
[Source "ChessBase"]
[SourceDate "2021.10.06"]
[SourceVersion "1"]
[SourceVersionDate "2021.10.06"]
[SourceQuality "1"]
[WhiteTeam "Praha Vrsovice"]
[BlackTeam "Klatovy"]
[WhiteTeamCountry "CZE"]
[BlackTeamCountry "CZE"]

1. c4 e6 2. d4 c5 3. d5 exd5 4. cxd5 d6 5. Nc3 Ne7 6. g3 Ng6 7. Bg2 Be7 8. Nf3 Bf6 9. Qa4+ Bd7 10. Qb3 Qb6 11. Ne4 Be7 12. h4 Qxb3 13. axb3 Bf5 14. Nc3 Na6 15. h5 Nf8 16. h6 g6 17. 0-0 Nc7 18. Re1 f6 19. e4 Bd7 20. Be3 g5 21. e5 dxe5 22. Red1 Nb5 23. Nxb5 Bxb5 24. d6 Bd8 25. Bxc5 Bc6 26. Rxa7 Rxa7 27. Bxa7 b6 28. Nd2 Bxg2 29. Kxg2 Kd7 30. Bb8 Ne6 31. Rc1 Re8 32. g4 Nc5 33. Bc7 Nd3 34. Ra1 Bxc7 35. dxc7 Nf4+ 36. Kf3 Nd5 37. Ke4 Nxc7 38. Kf5 e4 39. Kxf6 Rf8+ 40. Kxg5 Ne6+ 41. Kh4 Rxf2 42. Nxe4 Rh2+ 43. Kg3 Rxh6 44. g5 Rg6 45. Kh4 h6 46. Rd1+ Kc7 47. Rd6 hxg5+ 48. Kg4 Nf4 49. Rxg6 Nxg6 50. Kxg5 Ne5 51. Kf4 Nd3+ 52. Ke3 Nxb2 53. Kd2 b5 54. Kc3 Na4+ 55. Kb4 Kc6 56. Nd6 Kxd6 57. bxa4 bxa4 58. Kxa4 1/2-1/2

[Event "CZE-chT2A 1415"]
[Site "Czech Republic"]
[Date "2014.11.02"]
[Round "1.4"]
[White "Kaderavek, Jan"]
[Black "Seleljo, Daniel"]
[Result "1-0"]
[WhiteElo "2106"]
[BlackElo "2183"]
[PlyCount "176"]
[EventDate "2014.11.02"]
[EventType "team-tourn"]
[EventRounds "11"]
[EventCountry "CZE"]
[SourceTitle "EXT 2022"]
[Source "ChessBase"]
[SourceDate "2021.10.06"]
[SourceVersion "1"]
[SourceVersionDate "2021.10.06"]
[SourceQuality "1"]
[WhiteTeam "Tachov"]
[BlackTeam "Praha Vrsovice"]
[WhiteTeamCountry "CZE"]
[BlackTeamCountry "CZE"]

1. d4 d6 2. e4 Nf6 3. Bd3 e5 4. d5 c6 5. c4 Be7 6. Ne2 Nbd7 7. Nbc3 0-0 8. 0-0 Ne8 9. Bc2 Bg5 10. b3 Bxc1 11. Rxc1 Qh4 12. Qd2 g6 13. f4 exf4 14. Rxf4 Qh6 15. Nd4 Ne5 16. Rcf1 Nf6 17. Bd1 c5 18. Ndb5 Ne8 19. Be2 Bd7 20. Qe1 a6 21. Na3 Rb8 22. Nc2 b5 23. Ne3 Qg7 24. Nb1 b4 25. Nd2 Rb7 26. Kh1 Bc8 27. Qd1 Re7 28. Ng4 Bxg4 29. Bxg4 a5 30. Be2 Nd7 31. Qc2 Nef6 32. Qb2 Nh5 33. Qxg7+ Nxg7 34. g4 g5 35. R4f2 h6 36. Kg2 Ne8 37. Kg3 Kg7 38. Bd3 Ne5 39. Bc2 Ng6 40. h3 Nf4 41. h4 Ng6 42. hxg5 hxg5 43. Nf3 f6 44. Rh1 Rh8 45. Rfh2 Rxh2 46. Rxh2 Ne5 47. Nd2 Kg8 48. Nf1 Rh7 49. Rxh7 Kxh7 50. Ne3 Ng7 51. Bb1 Kg8 52. Nc2 a4 53. Ne3 a3 54. Bc2 Kf7 55. Kf2 Ke7 56. Ke2 Kd7 57. Bd1 Ne8 58. Kd2 Nc7 59. Be2 Na8 60. Bd1 Nb6 61. Be2 Kc7 62. Kc2 Nbd7 63. Kd2 Ng6 64. Bd1 Nh4 65. Be2 Ne5 66. Nf5 Kd7 67. Ne3 Nhg6 68. Bd1 Nf4 69. Nf5 Nfd3 70. Be2 Nf2 71. Ng3 Nfxg4 72. Nf5 Nf2 73. Ke3 Nh3 74. Bh5 Nf4 75. Bd1 Nfd3 76. Kd2 Nf2 77. Bc2 Nf3+ 78. Ke2 Nxe4 79. Bxe4 Ne5 80. Nh6 Ke7 81. Bf5 Kf8 82. Ng4 Nxg4 83. Bxg4 Kg7 84. Bf5 Kh6 85. Kf3 Kh5 86. Kg3 Kh6 87. Kg4 Kg7 88. Kh5 Kf7 1-0

[Event "CZE-chT2A 1314"]
[Site "Czech Republic"]
[Date "2014.02.16"]
[Round "8.4"]
[White "Valenz, Miroslav"]
[Black "Seleljo, Daniel"]
[Result "0-1"]
[WhiteElo "2182"]
[BlackElo "2196"]
[PlyCount "54"]
[EventDate "2013.11.03"]
[EventType "team-tourn"]
[EventRounds "11"]
[EventCountry "CZE"]
[SourceTitle "EXT 2015"]
[Source "ChessBase"]
[SourceDate "2014.11.20"]
[SourceVersion "1"]
[SourceVersionDate "2014.11.20"]
[SourceQuality "1"]
[WhiteTeam "Domazlice"]
[BlackTeam "Praha Vrsovice"]
[WhiteTeamCountry "CZE"]
[BlackTeamCountry "CZE"]

1. e4 c5 2. Nf3 d6 3. Bb5+ Nd7 4. 0-0 a6 5. Bxd7+ Bxd7 6. Re1 Bg4 7. h3 Bh5 8. e5 e6 9. d3 d5 10. c3 Ne7 11. Nbd2 Nc6 12. Nf1 Be7 13. Ng3 Bg6 14. Ne2 h6 15. Nf4 Bh7 16. Nh5 Rg8 17. Nh2 d4 18. Ng4 dxc3 19. bxc3 Qxd3 20. Bxh6 0-0-0 21. Be3 Qf5 22. Qb3 Qxh5 23. Re2 Rd7 24. Rb2 Bf5 25. Qb6 Bxg4 26. hxg4 Qxe5 27. Rab1 g5 0-1

[Event "CZE-chT2A 1314"]
[Site "Czech Republic"]
[Date "2013.11.03"]
[Round "1.4"]
[White "Eretova, Jana"]
[Black "Seleljo, Daniel"]
[Result "1-0"]
[WhiteElo "2092"]
[BlackElo "2196"]
[PlyCount "102"]
[EventDate "2013.11.03"]
[EventType "team-tourn"]
[EventRounds "11"]
[EventCountry "CZE"]
[SourceTitle "EXT 2015"]
[Source "ChessBase"]
[SourceDate "2014.11.20"]
[SourceVersion "1"]
[SourceVersionDate "2014.11.20"]
[SourceQuality "1"]
[WhiteTeam "Klatovy"]
[BlackTeam "Praha Vrsovice"]
[WhiteTeamCountry "CZE"]
[BlackTeamCountry "CZE"]

1. e4 d5 2. exd5 Nf6 3. d4 Nxd5 4. c4 Nb6 5. Be2 g6 6. Be3 Bg7 7. Nc3 0-0 8. Nf3 Nc6 9. h3 e5 10. d5 Ne7 11. Qd2 Nf5 12. Bc5 Nd6 13. b3 e4 14. Nd4 Nd7 15. Ba3 Qf6 16. Rd1 e3 17. Qxe3 Nf5 18. Ne4 Nxe3 19. Nxf6+ Nxf6 20. Bxf8 Nxg2+ 21. Kf1 Ne3+ 22. fxe3 Bxf8 23. Bf3 Bd7 24. Kf2 Re8 25. Nc2 b6 26. Rde1 h5 27. e4 Re5 28. h4 a5 29. a3 Be7 30. Re2 c5 31. Ne1 Bd8 32. Nd3 Re8 33. e5 Ng4+ 34. Bxg4 Bxg4 35. Re3 Bf5 36. Nf4 Bc7 37. Rhe1 Kf8 38. Kg3 Bb8 39. d6 f6 40. Kf3 fxe5 41. Rxe5 Rxe5 42. Rxe5 Bxd6 43. Nxg6+ Bxg6 44. Re6 Bc2 45. Rxd6 Bxb3 46. Rxb6 Bxc4 47. Ke3 a4 48. Rc6 Bf7 49. Rxc5 Ke7 50. Ra5 Be8 51. Kd4 Kd6 1-0

[Event "CZE-chT1W 1213"]
[Site "Czech Republic"]
[Date "2013.03.17"]
[Round "9.4"]
[White "Seleljo, Daniel"]
[Black "Nemec, Pavel"]
[Result "0-1"]
[WhiteElo "2252"]
[BlackElo "2211"]
[PlyCount "116"]
[EventDate "2012.10.28"]
[EventType "team-tourn"]
[EventRounds "11"]
[EventCountry "CZE"]
[SourceTitle "EXT 2014"]
[Source "ChessBase"]
[SourceDate "2013.11.20"]
[SourceVersion "1"]
[SourceVersionDate "2013.11.20"]
[SourceQuality "1"]
[WhiteTeam "Praha Sokol"]
[BlackTeam "Polabiny"]
[WhiteTeamCountry "CZE"]
[BlackTeamCountry "CZE"]

1. d4 Nf6 2. c4 e6 3. Nf3 b6 4. g3 Bb7 5. Bg2 Bb4+ 6. Bd2 Bxd2+ 7. Qxd2 0-0 8. Nc3 d6 9. 0-0 Nbd7 10. d5 e5 11. b4 a5 12. a3 Ba6 13. Qd3 Qe7 14. e4 Ra7 15. Rab1 axb4 16. axb4 Rfa8 17. h3 Nf8 18. Nd2 Ng6 19. Rfc1 h5 20. Qe3 h4 21. c5 hxg3 22. fxg3 dxc5 23. bxc5 Qxc5 24. Qxc5 bxc5 25. Bf1 Nh5 26. Kf2 Bxf1 27. Nxf1 Ra6 28. Rb5 Rf6+ 29. Kg2 Rb6 30. Rxc5 Rb2+ 31. Kf3 Ra7 32. Nd1 Rbb7 33. Nfe3 Nf6 34. Nf5 Ne8 35. Nde3 Ra4 36. h4 Rb3 37. R5c3 Rb6 38. Nc4 Rbb4 39. h5 Nf8 40. Ne7+ Kh7 41. Nc6 Rb5 42. N6xe5 f6 43. Nc6 Nd7 44. g4 Nd6 45. Nd2 Kh6 46. Ne7 Ne5+ 47. Kf4 Rb2 48. g5+ fxg5+ 49. Kxe5 Rxd2 50. Rxc7 Nxe4 51. Rh1 Ng3 52. Ng8+ Kh7 53. Nf6+ Kh6 54. Ng4+ Kh7 55. Nf6+ Kh6 56. Ng8+ Kh7 57. h6 Re2+ 58. Kd6 Ra6+ 0-1